000 00903cam a22003011 4500
001 sa 67007892
003 DLC
005 20260227112419.0
008 871217s1966 ii b s000 0 eng
010 _asa 67007892
025 _aPL480:I-E-8608
035 _a(OCoLC)17252818
040 _aDLC
_cWaU
_dWaU
_dDLC
041 0 _aengsan
042 _apremarc
050 0 0 _aP106
_b.M36
082 _a401
100 1 _aMarulasiddaiah, G.,
_d1921-
245 1 0 _aŚabdavṛttis, powers of words,
_cby G. Marulasiddaiah.
260 _aMysore,
_bPrinted by the Superintendent, Govt. Text Book Press,
_c1966.
300 _axxxvi, 180 p.
_c24 cm.
500 _aAt head of title: University of Mysore.
500 _aEnglish or Sanskrit.
504 _aBibliography: p. xxix-xxxii.
650 0 _aLanguage and languages
_xPhilosophy.
650 0 _aMeaning (Psychology)
710 2 _aUniversity of Mysore.
999 _c76840
_d76840